<?xml version="1.0" encoding="UTF-8"?><?xml-stylesheet type="text/xsl" href="static/style.xsl"?><OAI-PMH xmlns="http://www.openarchives.org/OAI/2.0/" xmlns:xsi="http://www.w3.org/2001/XMLSchema-instance" xsi:schemaLocation="http://www.openarchives.org/OAI/2.0/ http://www.openarchives.org/OAI/2.0/OAI-PMH.xsd"><responseDate>2026-04-17T10:25:49Z</responseDate><request verb="GetRecord" identifier="oai:riubu.ubu.es:10259/7462" metadataPrefix="marc">https://riubu.ubu.es/oai/request</request><GetRecord><record><header><identifier>oai:riubu.ubu.es:10259/7462</identifier><datestamp>2024-05-10T11:36:05Z</datestamp><setSpec>com_10259_5238</setSpec><setSpec>com_10259_5086</setSpec><setSpec>com_10259_2604</setSpec><setSpec>col_10259_6212</setSpec></header><metadata><record xmlns="http://www.loc.gov/MARC21/slim" xmlns:doc="http://www.lyncode.com/xoai" xmlns:xsi="http://www.w3.org/2001/XMLSchema-instance" xmlns:dcterms="http://purl.org/dc/terms/" xsi:schemaLocation="http://www.loc.gov/MARC21/slim http://www.loc.gov/standards/marcxml/schema/MARC21slim.xsd">
<leader>00925njm 22002777a 4500</leader>
<datafield tag="042" ind1=" " ind2=" ">
<subfield code="a">dc</subfield>
</datafield>
<datafield tag="720" ind1=" " ind2=" ">
<subfield code="a">Gómez-Villegas, Mauricio</subfield>
<subfield code="e">author</subfield>
</datafield>
<datafield tag="720" ind1=" " ind2=" ">
<subfield code="a">Larrinaga González, Carlos</subfield>
<subfield code="e">author</subfield>
</datafield>
<datafield tag="260" ind1=" " ind2=" ">
<subfield code="c">2022-08</subfield>
</datafield>
<datafield tag="520" ind1=" " ind2=" ">
<subfield code="a">This article explores the basis of a critical accounting project in Latin America and suggests a&#xd;
critique inspired by the decolonial project to reinvigorate critical accounting. The paper draws on&#xd;
Santos’ (2009) sociology of absences to explore the epistemic assumptions present in interpretive&#xd;
and critical accounting studies focusing on Latin America to achieve these aims. The analysis&#xd;
reveals that the critical accounting studies analyzed often mobilize Anglo-Euro-Centric logics that&#xd;
limit the ability of Latin America to think itself and impede the dialogue on equal terms between&#xd;
contemporaries, as suggested by the decolonial project. The paper presents avenues for critical&#xd;
accounting research in Latin America, assessing the effects of the Anglo-European institutionalization of modes of doing research for Latin America and calling for authenticity, more attention&#xd;
to the existence of alternative ways of knowing in the global South and for the creation of protected spaces that care for those alternatives and grant an equal exchange of ideas.</subfield>
</datafield>
<datafield tag="024" ind2=" " ind1="8">
<subfield code="a">1045-2354</subfield>
</datafield>
<datafield tag="024" ind2=" " ind1="8">
<subfield code="a">http://hdl.handle.net/10259/7462</subfield>
</datafield>
<datafield tag="024" ind2=" " ind1="8">
<subfield code="a">10.1016/j.cpa.2022.102508</subfield>
</datafield>
<datafield ind1=" " ind2=" " tag="653">
<subfield code="a">Latin America</subfield>
</datafield>
<datafield ind1=" " ind2=" " tag="653">
<subfield code="a">Critical Accounting</subfield>
</datafield>
<datafield ind1=" " ind2=" " tag="653">
<subfield code="a">Decolonial Project</subfield>
</datafield>
<datafield ind1=" " ind2=" " tag="653">
<subfield code="a">Sociology of Absences</subfield>
</datafield>
<datafield tag="245" ind1="0" ind2="0">
<subfield code="a">A critical accounting project for Latin America? Objects of knowledge or ways of knowing</subfield>
</datafield>
</record></metadata></record></GetRecord></OAI-PMH>